Nástroje HP v procese zvyšovania konkurenčnej schopnosti a výkonnosti ekonomiky SR diplomová práca

Gespeichert in:
Bibliographische Detailangaben
1. Verfasser: Rišková, Ivana
Körperschaft: Národohospodárska fakulta EU. Katedra hospodárskej politiky
Weitere Verfasser: Veselovská, Stanislava, 1957-
Format: Buch
Sprache:Slowakisch
Veröffentlicht: Bratislava 2010
Tags: Tag hinzufügen
Keine Tags, Fügen Sie das erste Tag hinzu!

MARC

LEADER 00000nam a2200000 4500
001 0120101
005 20240318122849.8
041 0 |a slo 
044 |a SK 
245 1 0 |a Nástroje HP v procese zvyšovania konkurenčnej schopnosti a výkonnosti ekonomiky SR  |b diplomová práca  |c Ivana Rišková ; škol. Stanislava Veselovská 
264 1 |a Bratislava  |c 2010 
300 |a 76 s. 
100 1 |a Rišková, Ivana 
700 1 |a Veselovská, Stanislava, 1957- 
710 2 |a Národohospodárska fakulta EU. Katedra hospodárskej politiky